personnes connues dans le passé 4 - Statistiques

Statistiques générales
  • Ce quiz a été pris 9 fois
  • Le résultat moyen est 6 sur 16
Statistiques - réponses
Par images Réponse % Correct
josé garcimore
88%
bernard pivot
75%
jean amadou
75%
pierre tornade
75%
nicole croisille
50%
robert castel
50%
claude pierrard
25%
jean dutour
25%
jean marie proslier
25%
josé arthur
25%
julie arnold
25%
madelaine barbulée
25%
maurice favieres
25%
karim kacel
13%
pierre repp
13%
reizer
13%
Aucun quiz correspondant
Distribution des résultats
% des personnes avec chaque résultat
Percentile par nombre de réponses
Votre historique - résultats
Vous n’avez pas pris ce quiz